000
00308nam a22001337a 4500
003
SGT
020
_a
978-93-5152-33-8
082
_a
616.01
_b
C15S
100
_a
SOOD, RAMNIK
245
_a
CONCISE BOOK OF MEDICAL LABORATORY TECHNOLOGY
260
_a
INDIA
_b
JAYPEE
_c
2015
300
_a
1057
942
_2
ddc
_c
BK
999
_c
15862
_d
15862